| 000 | 00635nam a22002057a 4500 | ||
|---|---|---|---|
| 999 |
_c7951 _d7951 |
||
| 001 | 21391 | ||
| 003 | BD-DhUAP | ||
| 005 | 20220105112612.0 | ||
| 008 | 220105b20132018 ||||| |||| 001 0 eng d | ||
| 020 | _a9789845061100 | ||
| 040 |
_aBD-DhUAP _beng _cBD-DhUAP _dBD-DhUAP |
||
| 082 |
_223 _a920.5492 RAH |
||
| 100 | _aRahman, Sheikh Mujibur. | ||
| 245 |
_aThe unfinished memoirs / _cThe unfinished memoirs / |
||
| 260 |
_aDhaka : _bThe university press, _cc2018. |
||
| 300 |
_axxviii, 323 pages : _billustrations ; _c23 cm. |
||
| 500 | _aInclude index. | ||
| 600 |
_2Rahman, Sheikh Mujibur. _aAutobiography _dBangladesh. |
||
| 942 |
_2ddc _cBK |
||